| Поле | Название | Значение |
| |
Тип записи |
c |
| |
Библиографический уровень |
m |
| 001 |
Контрольный номер |
UONB/MAIN/92c84002ddf94bedb1abef9c5a8409ca |
| 005 |
Дата корректировки |
20240822162103.4 |
| 010 |
Индекс ISBN |
__ |
| 9 |
Тираж |
890 экз. |
| 013 |
Номер (ISMN) |
__ |
| d |
Цена |
54 к. |
| 071 |
Издательские номер (звукозапись и ноты) |
21 |
| a |
Номер, присвоенный агентством |
1663 |
| 100 |
Данные общей обработки |
__ |
| a |
Данные общей обработки |
20240822d1971 u y0rusy0189 ca |
| 101 |
Язык документа |
0_ |
| a |
Язык текста |
rus |
| f |
Язык титульного листа |
rus |
| 102 |
Страна публикации |
__ |
| a |
Страна публикации |
RU |
| 125 |
Кодированные данные звукозаписи и нотных изданий |
__ |
| a |
Форма изложения нотного текста |
с |
| 128 |
Кодированные данные (звукозаписи-физические характеристики) |
__ |
| a |
Кодированные данные: Музыкальная форма и тональность или лад |
sg |
| c |
Инструменты или голоса, рекомендуемые для солистов (устаревшее) |
vu |
| 200 |
Заглавие и сведения об ответственности |
1_ |
| a |
Заглавие |
Избранные вокальные произведения |
| e |
Сведения, относящиеся к заглавию |
для голоса и фортепиано |
| f |
Первые сведения об ответственности |
Н. Сизов |
| 203 |
Вид содержания и тип средства |
__ |
| a |
Вид содержания |
Музыка |
| b |
Характеристика содержания |
знаковая |
| c |
Тип средства |
непосредственная |
| 210 |
Выходные данные |
1_ |
| a |
Место издания |
Москва |
| c |
Издательство |
Советский композитор |
| d |
Дата издания |
1971 |
| 215 |
Физическое описание |
__ |
| a |
Объем |
44 с. |
| d |
Формат |
29 см |
| 327 |
Примечание о содержании |
11 |
| a |
Примечание о содержании |
Содерж.: Зимняя дорога ; Не розу пафосскую / сл. А. Пушкина. - Романс Нины : из драмы "Маскарад" ; Как небеса, твой взор блистает / сл. М. Лермонтова. - Не искушай : элегия / сл. Е. Баратынского. - Примета / сл. С. Щипачева. - Баллада / сл. Н. Клыковой. - Варежки / сл. Е. Долматовского. - Ох, не садися, милый, рядом / сл. нар. ; обраб. Н. Сизова. - Стоял тоненькой садок / сл. нар. |
| 464 |
Аналитический уровень |
_0 |
| 1 |
|
702 1 |
| a |
|
Пушкин |
| b |
|
А. |
| 4 |
|
520 |
| 1 |
|
2001 |
| a |
|
Зимняя дорога |
| 1 |
|
036 |
| t |
|
Сквозь волнистые туманы пробирается луна... |
| 464 |
Аналитический уровень |
_0 |
| 1 |
|
702 1 |
| a |
|
Пушкин |
| b |
|
А. |
| 4 |
|
520 |
| 1 |
|
2001 |
| a |
|
Не розу пафосскую |
| 1 |
|
036 |
| t |
|
Не розу пафосскую, росой оживленную... |
| 464 |
Аналитический уровень |
_0 |
| 1 |
|
702 1 |
| a |
|
Лермонтов |
| b |
|
М. |
| 4 |
|
520 |
| 1 |
|
2001 |
| a |
|
Романс Нины |
| e |
|
из драмы "Маскарад" |
| 1 |
|
036 |
| t |
|
Когда печаль слезой невольной... |
| 1 |
|
50010 |
| a |
|
Маскарад |
| i |
|
Романс Нины |
| 464 |
Аналитический уровень |
_0 |
| 1 |
|
702 1 |
| a |
|
Лермонтов |
| b |
|
М. |
| 4 |
|
520 |
| 1 |
|
2001 |
| a |
|
Как небеса, твой взор блистает |
| 1 |
|
036 |
| t |
|
Как небеса, твой взор блистает эмалью голубой... |
| 464 |
Аналитический уровень |
_0 |
| 1 |
|
702 1 |
| a |
|
Баратынский |
| b |
|
Е. |
| 4 |
|
520 |
| 1 |
|
2001 |
| a |
|
Не искушай |
| e |
|
элегия |
| 1 |
|
036 |
| t |
|
Не искушай меня без нужды... |
| 464 |
Аналитический уровень |
_0 |
| 1 |
|
702 1 |
| a |
|
Щипачев |
| b |
|
С. |
| 4 |
|
520 |
| 1 |
|
2001 |
| a |
|
Примета |
| 1 |
|
036 |
| t |
|
В одной рубашке дрожь берет... |
| 464 |
Аналитический уровень |
_0 |
| 1 |
|
702 1 |
| a |
|
Клыкова |
| b |
|
Н. |
| 4 |
|
520 |
| 1 |
|
2001 |
| a |
|
Баллада |
| 1 |
|
036 |
| t |
|
Над цветущей землей много лет пронеслось... |
| 464 |
Аналитический уровень |
_0 |
| 1 |
|
702 1 |
| a |
|
Долматовский |
| b |
|
Е. |
| 4 |
|
520 |
| 1 |
|
2001 |
| a |
|
Варежки |
| 1 |
|
036 |
| t |
|
Может, в Колпине, может, в Рязани... |
| 464 |
Аналитический уровень |
_0 |
| 1 |
|
702 1 |
| a |
|
Сизов |
| b |
|
Н. |
| 4 |
|
030 |
| 1 |
|
2001 |
| a |
|
Ох, не садися, милый, рядом |
| e |
|
нар. песня |
| 1 |
|
036 |
| t |
|
Ох, не садися, милый, рядом... |
| 464 |
Аналитический уровень |
_0 |
| 1 |
|
2001 |
| a |
|
Стоял тоненькой садок |
| e |
|
нар. песня |
| 1 |
|
036 |
| t |
|
Стоял тоненькой зелененькой садок... |
| 512 |
Заглавие обложки |
1_ |
| a |
Заглавие обложки |
Избранные вокальные произведения |
| 606 |
Тематические рубрики |
0_ |
| x |
Основная подрубрика |
Вокальные произведения |
| a |
Основная рубрика |
Сольное пение |
| 610 |
Ключевые слова |
0_ |
| a |
Ключевые слова |
сольное пение; вокальные произведения; Сизов Н. И. |
| 686 |
Индексы других классификаций |
__ |
| a |
Классификационный индекс |
85.943.4-42(2)я44 |
| 2 |
Код системы |
rubbk |
| 700 |
Автор |
_1 |
| a |
Фамилия |
Сизов |
| b |
Имя (инициалы) |
Н. И. |
| g |
Полное личное имя |
Николай Иванович |
| 801 |
Источник записи |
_0 |
| a |
Страна |
RU |
| b |
Организация |
Ульяновская ОНБ |
| c |
Дата составления |
20240822 |
| g |
Правила каталогизации |
RCR |
| 801 |
Источник записи |
_1 |
| a |
Страна |
RU |
| b |
Организация |
Ульяновская ОНБ |
| c |
Дата составления |
20240822 |
| g |
Правила каталогизации |
RCR |
| 901 |
Тип документа |
__ |
| t |
Тип документа |
m |
| 909 |
Создатель записи |
__ |
| a |
Создатель записи |
Грязнова И. Е. |
| b |
Дата создания записи |
20240822 |